Clarifying and Strengthening the Authority for Certain Department of the Interior Law Enforcement Services, Activities, and Officers in Indian Country.

Bibliographic Details
Corporate Authors: United States. Congress. House. Committee on Interior and Insular Affairs, ProQuest (Firm), United States. Department of the Interior
Format: Government Document eBook
Language:English
Published: Washington : [publisher not identified], 1989.
Series:United States congressional serial set.
Subjects:
Online Access:Connect to the full text of this electronic book

MARC

Tag First Indicator Second Indicator Subfields
LEADER 00000cam a22000001a 4500
001 in00002865310
005 20190331173949.0
006 m o d
007 cr bn mmmapmmp
008 111209s1989 dcu o f000 0 eng d
035 |a cis2004626283 
040 |a UMI  |c UMI  |d UtOrBLW 
043 |a n-us--- 
086 0 |a Y 1.1/8:101-60 
099 |a ProQuest Serial Set Number 13952 H.rp.60 
110 1 |a United States.  |b Congress.  |b House.  |b Committee on Interior and Insular Affairs. 
245 1 0 |a Clarifying and Strengthening the Authority for Certain Department of the Interior Law Enforcement Services, Activities, and Officers in Indian Country. 
264 1 |a Washington :  |b [publisher not identified],  |c 1989. 
300 |a 1 online resource. 
336 |a text  |b txt  |2 rdacontent 
337 |a computer  |b c  |2 rdamedia 
338 |a online resource  |b cr  |2 rdacarrier 
490 0 |a H. Rpt. 101-60 
500 |a Record is based on bibliographic data in ProQuest U.S. Serial Set Digital Collection (last viewed Dec. 2011). Reuse except for individual research requires license from ProQuest, LLC. 
510 3 |a ProQuest U.S. Serial Set Digital Collection 
500 |a Electronic resource. 
650 0 |a Administrative agencies  |x Reorganization. 
650 0 |a Indians of North America. 
650 0 |a Jurisdiction. 
655 7 |a Electronic books.  |2 local 
710 2 |a ProQuest (Firm) 
710 1 |a United States.  |b Department of the Interior. 
830 0 |a United States congressional serial set. 
856 4 0 |u http://proxy.library.tamu.edu/login?url=http://congressional.proquest.com/congcomp/getdoc?SERIAL-SET-ID=13952+H.rp.60  |z Connect to the full text of this electronic book  |t 0 
999 |a MARS 
999 f f |s bfc1d32f-6617-32f1-9fce-51d58983e4f5  |i 414fe2a0-80cf-3eb0-ae05-908f01878fb4  |t 0 
952 f f |a Texas A&M University  |b College Station  |c Electronic Resources  |d Available Online  |t 0  |e ProQuest Serial Set Number 13952 H.rp.60  |h Other scheme 
998 f f |a ProQuest Serial Set Number 13952 H.rp.60  |t 0  |l Available Online